| 000 | 00373nam a2200145Ia 4500 | ||
|---|---|---|---|
| 008 | 150201s2004 xx 000 0 und d | ||
| 082 |
_a612.015 _bP2004S |
||
| 100 | _aSINGH,S.P. | ||
| 245 | _aPRACTICAL MANUAL OF BIOCHEMISTRY | ||
| 250 | _a5TH | ||
| 260 |
_bC.B.S PUBLISHERS & DISTRIBUTERS _aDELHI _c2004 |
||
| 300 | _a1-349 | ||
| 650 | _aBIOCHEMISTRY | ||
| 942 |
_2ddc _cBK _03 |
||
| 999 |
_c3639 _d3639 |
||